| 000 | 00409 a2200133 4500 | ||
|---|---|---|---|
| 001 | 89233 | ||
| 082 | _a363.325 TAH | ||
| 090 |
_c42183 _d42183 |
||
| 100 | _aTahir ul Qadri Dr, Shaykh ul Islam | ||
| 245 |
_aFatwa on terrorism and suicide bombings _cTahir ul Qadri Dr, Sheikh ul Islam |
||
| 260 |
_aNew Delhi _bRupa _c2014 |
||
| 300 | _axxxix, 475 p. | ||
| 700 | _4John L Esposito, Prof; Sudheendra Kulkarni | ||
| 942 |
_aCAE NUST _k363.325 TAH |
||
| 999 |
_c324306 _d324306 |
||